| 000 | 00652nam a2200205 4500 | ||
|---|---|---|---|
| 005 | 20240124112112.0 | ||
| 010 | _aENG-138989 | ||
| 020 |
_a9789355322661 _c1320.00 |
||
| 035 | _aEN-122521 | ||
| 037 | _bDBAD/PUB | ||
| 082 | _a500 | ||
| 100 |
_aAgrahari, Ravi P. _961224 |
||
| 245 |
_aScience and Technology/ _cBy Ravi P. Agrahari |
||
| 250 | _a1 | ||
| 260 |
_aTamil Nadu _bMcgraw Hill Education Pvt Ltd _c2022 |
||
| 270 |
_aAnjana Complex No: 5/90 A, Butt Road, St Thomas Mount _bTamil Nadu _e600016 |
||
| 300 |
_avpp. _c24cm(pbk) |
||
| 500 | _aFor Civil Services Preliminary and Main Examination | ||
| 942 |
_2ddc _cEN _h500 _mAGR |
||
| 999 |
_c200349 _d200349 |
||